Normal view
MARC view
Entry Topical Term
001 - CONTROL NUMBER
- control field: 27995
003 - CONTROL NUMBER IDENTIFIER
- control field: dpl
005 - DATE AND TIME OF LATEST TRANSACTION
- control field: 20110511102254.0
008 - FIXED-LENGTH DATA ELEMENTS
- fixed length control field: 110511|||a|||||| | ||| d
040 ## - CATALOGING SOURCE
- Original cataloging agency: dpl
- Transcribing agency: dpl
150 ## - HEADING--TOPICAL TERM
- Topical term or geographic name as entry element: Nationalism
- General subdivision: Religious aspects
- General subdivision: Hinduism.
670 ## - SOURCE DATA FOUND
- Source citation: Work cat.: (dpl)51923: The Sangh Parivar :, 2009
670 ## - SOURCE DATA FOUND
- Source citation: Work cat.: (dpl)51923: The Sangh Parivar :, 2009
